Welcome to WEB OPAC of MRSPTU Central Library

Kalam Chanarthal Di : Literary Dabra) (ਕਲਮ ਚਨਾਰਥਲ ਦੀ) (Record no. 9946)

MARC details
000 -LEADER
fixed length control field 00481nam a22001457a 4500
003 - CONTROL NUMBER IDENTIFIER
control field OSt
005 - DATE AND TIME OF LATEST TRANSACTION
control field 20240403095614.0
008 - FIXED-LENGTH DATA ELEMENTS--GENERAL INFORMATION
fixed length control field 240403b |||||||| |||| 00| 0 eng d
040 ## - CATALOGING SOURCE
Transcribing agency Central library MRSPTU
100 ## - MAIN ENTRY--PERSONAL NAME
Personal name Dr. Sudesh Kumar Memorial Library Chanarthal Kalan
245 ## - TITLE STATEMENT
Title Kalam Chanarthal Di : Literary Dabra) (ਕਲਮ ਚਨਾਰਥਲ ਦੀ)
260 ## - PUBLICATION, DISTRIBUTION, ETC.
Place of publication, distribution, etc. Chandigarh
Name of publisher, distributor, etc. Dr. Sudesh Kumar Memorial Library Chanarthal Kalan
Date of publication, distribution, etc. 2023
300 ## - PHYSICAL DESCRIPTION
Extent 132
942 ## - ADDED ENTRY ELEMENTS (KOHA)
Source of classification or shelving scheme Dewey Decimal Classification
Koha item type Book
Suppress in OPAC No
Holdings
Withdrawn status Lost status Source of classification or shelving scheme Damaged status Not for loan Collection Home library Current library Date acquired Total checkouts Barcode Date due Date last seen Date last checked out Price effective from Koha item type
    Dewey Decimal Classification     BK MRSPTU Central Library MRSPTU Central Library 04/03/2024 3 G-111 04/27/2026 04/06/2026 04/06/2026 04/03/2024 Book

Website Designed and Developed by MRSPTU Central Library Team

E-mail Id: librarian@mrsptu.ac.in